Textos clave de la ética /

में बचाया:
ग्रंथसूची विवरण
मुख्य लेखक: Bilbeny, Norbert (edición)
अन्य लेखक: Palacio, Martha (coordinación) (coordinación), Piperberg, Michelle (coordinación) (coordinación)
स्वरूप: पुस्तक
भाषा:स्पेनिश
प्रकाशित: Madrid, España : Tecnos, 2012, c2012
श्रृंखला:(Ventana Abierta)
विषय:
टैग: टैग जोड़ें
कोई टैग नहीं, इस रिकॉर्ड को टैग करने वाले पहले व्यक्ति बनें!

MARC

LEADER 00000nam^a2200000^a^4500
001 000399432
005 20250521000000.0
009 20260310121553.122
020 |a 978-84-309-5469-8 
037 |a Acervo ITESO - Biblioteca 
041 |a ESP 
082 |a 170. 2  |b BIL 
100 |a Bilbeny, Norbert  |e (edición) 
245 1 0 |a Textos clave de la ética /  |c Ed. de N. Bilbeny ; coord. de M. Palacio, M. Piperberg. 
264 4 |a Madrid, España :  |b Tecnos,  |c 2012, c2012 
300 |a 608 p. 
336 |a texto  |b txt  |2 rdacontenido 
337 |a sin mediación  |b n  |2 rdamedio 
338 |a volumen  |b nc  |2 rdasoporte 
440 1 |a (Ventana Abierta) 
521 |a FIL 2017 EEnlace Departamento de Formación Humana 
649 |a XX 
650 |a Etica -  |x Historia y Crítica -  |x Tema Principal 
650 |a Filosofía -  |x Historia y Crítica 
700 |a Palacio, Martha  |e (coordinación) 
700 |a Piperberg, Michelle  |e (coordinación) 
910 |a Fondo General 
920 |a Impresos - Libros 
930 |a Colección General 
905 |a 101 
901 |a 0500294612  |b IT1  |c ACC  |i c158060  |u 20250521 
902 |a https://opac.biblio.iteso.mx/vufind/Record/000399432